[Event "Chigorin Memorial 24th"]
[Site "St Petersburg"]
[Date "2016.10.19"]
[Round "5"]
[White "Pasiev, Rakhim"]
[Black "Zherebtsova, Alexandra"]
[Result "1-0"]
[WhiteElo "2406"]
[BlackElo "2139"]
[PlyCount "105"]
[EventDate "2016.10.15"]
[EventType "swiss"]
[EventRounds "9"]
[EventCountry "RUS"]
[SourceTitle "CBM 175 Extra"]
[Source "ChessBase"]
[SourceDate "2016.12.12"]
[SourceVersion "1"]
[SourceVersionDate "2016.12.12"]
[SourceQuality "1"]

1. Nf3 Nf6 2. g3 d5 3. Bg2 g6 4. 0-0 Bg7 5. d3 0-0 6. Nbd2 Re8 7. e4 dxe4 8. dxe4 Nc6 9. Qe2 e5 10. c3 b6 11. Rd1 Qe7 12. b4 Bb7 13. a4 a6 14. a5 bxa5 15. bxa5 Na7 16. h3 Nb5 17. Qe3 Rad8 18. Bb2 c5 19. Ne1 Bf8 20. Nd3 Nd7 21. Bf1 Qe6 22. Ne1 Nf6 23. Nd3 Qc6 24. Re1 Qc8 25. Rac1 Qc7 26. Red1 Rc8 27. Nc4 Nxe4 28. Bg2 Ned6 29. Nb6 Nf5 30. Qe2 Rcd8 31. Bxb7 Qxb7 32. Nxe5 Bd6 33. Qf3 Qxf3 34. Nxf3 Bf8 35. c4 Nbd4 36. Nxd4 Nxd4 37. Bxd4 Rxd4 38. Nd5 Rxd1+ 39. Rxd1 Rc8 40. Rb1 Ra8 41. Rb6 Bg7 42. Nc7 Rc8 43. Nxa6 Bc3 44. Rb5 Ra8 45. Nxc5 Rxa5 46. Rxa5 Bxa5 47. g4 Kf8 48. Kg2 Ke7 49. Kf3 Kf6 50. Nd3 Bc3 51. Ke4 Ke6 52. Nf4+ Kd6 53. Nd5 1-0

[Event "Chigorin Memorial 24th"]
[Site "St Petersburg"]
[Date "2016.10.17"]
[Round "3"]
[White "Pasiev, Rakhim"]
[Black "Timofeev, Artyom"]
[Result "0-1"]
[WhiteElo "2406"]
[BlackElo "2601"]
[PlyCount "74"]
[EventDate "2016.10.15"]
[EventType "swiss"]
[EventRounds "9"]
[EventCountry "RUS"]
[SourceTitle "CBM 175 Extra"]
[Source "ChessBase"]
[SourceDate "2016.12.12"]
[SourceVersion "1"]
[SourceVersionDate "2016.12.12"]
[SourceQuality "1"]

1. Nc3 d5 2. d4 Nf6 3. Bf4 e6 4. e3 a6 5. Bd3 c5 6. dxc5 Bxc5 7. Qe2 Qb6 8. 0-0-0 Bb4 9. Nb1 Nbd7 10. Nf3 0-0 11. g4 Nc5 12. a3 Nxd3+ 13. cxd3 Be7 14. g5 Nd7 15. d4 Nb8 16. Nbd2 Bd7 17. Qd3 Ba4 18. Kb1 Bxd1 19. Rxd1 Qb5 20. Qxb5 axb5 21. Bxb8 Rfxb8 22. h4 b4 23. axb4 Bxb4 24. Nb3 Kf8 25. Ne5 Ke7 26. f4 Bd6 27. Nd3 h6 28. Nd2 hxg5 29. hxg5 Rh8 30. Nf3 Rh3 31. Rf1 Rc8 32. Nc1 Rch8 33. Kc2 Rh1 34. Rxh1 Rxh1 35. Ne2 Rh3 36. Neg1 Rg3 37. Kd3 Kd7 0-1

[Event "Chigorin Memorial 24th"]
[Site "St Petersburg"]
[Date "2016.10.16"]
[Round "2"]
[White "Kuznetsov, Felix"]
[Black "Pasiev, Rakhim"]
[Result "0-1"]
[WhiteElo "2200"]
[BlackElo "2406"]
[PlyCount "120"]
[EventDate "2016.10.15"]
[EventType "swiss"]
[EventRounds "9"]
[EventCountry "RUS"]
[SourceTitle "CBM 175 Extra"]
[Source "ChessBase"]
[SourceDate "2016.12.12"]
[SourceVersion "1"]
[SourceVersionDate "2016.12.12"]
[SourceQuality "1"]

1. f4 d5 2. Nf3 c5 3. g3 Nc6 4. Bg2 g6 5. 0-0 Bg7 6. d3 Nf6 7. Nc3 d4 8. Na4 Qd6 9. e4 dxe3 10. Bxe3 b6 11. Ne5 Bb7 12. Nc3 a6 13. a4 0-0 14. Nxc6 Bxc6 15. Bxc6 Qxc6 16. f5 Rfd8 17. Qf3 Rac8 18. Qxc6 Rxc6 19. Rae1 Rd7 20. Kg2 Ng4 21. Bc1 c4 22. dxc4 Bxc3 23. bxc3 Rxc4 24. fxg6 hxg6 25. Rf4 Rxf4 26. Bxf4 e5 27. Bg5 f6 28. Re4 f5 29. Rc4 e4 30. h3 Ne5 31. Rc8+ Kf7 32. Bf4 Nf3 33. Rc6 Ne1+ 34. Kf2 Nxc2 35. Rxb6 Rd3 36. Rb7+ Ke6 37. Rb6+ Kd5 38. Rxa6 Rxc3 39. Rd6+ Kc5 40. Rxg6 e3+ 41. Bxe3+ Nxe3 42. Rg8 Kd4 43. a5 Nc4 44. a6 Ra3 45. a7 Rxa7 46. Kf3 Ke5 47. Re8+ Kf6 48. g4 Ne5+ 49. Kg3 Ra3+ 50. Kg2 f4 51. Rf8+ Nf7 52. Rb8 Nd6 53. h4 Ke5 54. g5 f3+ 55. Kh2 Kf4 56. g6 Ra2+ 57. Kh3 Ra1 58. Rb2 Rh1+ 59. Rh2 Rxh2+ 60. Kxh2 Nf5 0-1

[Event "St Petersburg rapid"]
[Site "St Petersburg"]
[Date "2016.08.28"]
[Round "9"]
[White "Goganov, Aleksey"]
[Black "Pasiev, Rakhim"]
[Result "1-0"]
[WhiteElo "2627"]
[BlackElo "2407"]
[PlyCount "69"]
[EventDate "2016.08.27"]
[EventType "swiss (rapid)"]
[EventRounds "11"]
[EventCountry "RUS"]
[SourceTitle "CBM 174 Extra"]
[Source "ChessBase"]
[SourceDate "2016.10.10"]
[SourceVersion "1"]
[SourceVersionDate "2016.10.10"]
[SourceQuality "1"]

1. c4 e5 2. Nc3 Nc6 3. g3 h5 4. Nf3 d6 5. d4 exd4 6. Nxd4 h4 7. Nxc6 bxc6 8. Bg2 Bd7 9. Bf4 Ne7 10. Qd2 Ng6 11. 0-0 Nxf4 12. Qxf4 Rb8 13. b3 Be7 14. Rad1 Bg5 15. Qd4 hxg3 16. hxg3 c5 17. Qe4+ Qe7 18. Qxe7+ Bxe7 19. Nd5 Bd8 20. e4 c6 21. Ne3 Be7 22. Rd3 g6 23. Rfd1 Bh3 24. Bxh3 Rxh3 25. e5 dxe5 26. Rd7 Rd8 27. Rxa7 Rd4 28. Re1 Rd2 29. a4 f6 30. a5 Kf7 31. a6 Ra2 32. Rd1 Rh8 33. Rdd7 Re8 34. Rdc7 Ra3 35. Rxc6 1-0

[Event "St Petersburg Summer op"]
[Site "St Petersburg"]
[Date "2016.08.21"]
[Round "5"]
[White "Pasiev, Rakhim"]
[Black "Fraiman, Dmitry"]
[Result "1/2-1/2"]
[WhiteElo "2407"]
[BlackElo "2241"]
[PlyCount "85"]
[EventDate "2016.08.17"]
[EventType "swiss"]
[EventRounds "9"]
[EventCountry "RUS"]
[SourceTitle "CBM 174 Extra"]
[Source "ChessBase"]
[SourceDate "2016.10.10"]
[SourceVersion "1"]
[SourceVersionDate "2016.10.10"]
[SourceQuality "1"]

1. e4 c5 2. Nf3 d6 3. d4 cxd4 4. Qxd4 Nc6 5. Bb5 a6 6. Bxc6+ bxc6 7. 0-0 e5 8. Qd3 Qc7 9. c4 Be7 10. Nc3 Nf6 11. Rd1 0-0 12. Bg5 Rd8 13. h3 Be6 14. b3 h6 15. Bh4 g5 16. Bg3 Nh5 17. Nh2 Kg7 18. Qf3 Nf6 19. Rd2 Qa7 20. Rc1 Rac8 21. Qd1 a5 22. Qe2 h5 23. h4 Nd7 24. Nf3 Bg4 25. Qe3 Qxe3 26. fxe3 f6 27. Na4 gxh4 28. Bxh4 Kf7 29. Be1 Ra8 30. Nh4 Rdb8 31. Nf5 Ke6 32. c5 dxc5 33. Nxe7 Kxe7 34. Nxc5 Nxc5 35. Rxc5 Ra6 36. Bh4 Rb5 37. Rc3 a4 38. Rf2 c5 39. bxa4 Rba5 40. Rb3 Kf7 41. Rb1 Rc6 42. Rbf1 Raa6 43. Rc1 1/2-1/2

[Event "St Petersburg Summer op"]
[Site "St Petersburg"]
[Date "2016.08.20"]
[Round "4"]
[White "Orlov, Oleg"]
[Black "Pasiev, Rakhim"]
[Result "1-0"]
[WhiteElo "2289"]
[BlackElo "2407"]
[PlyCount "85"]
[EventDate "2016.08.17"]
[EventType "swiss"]
[EventRounds "9"]
[EventCountry "RUS"]
[SourceTitle "CBM 174 Extra"]
[Source "ChessBase"]
[SourceDate "2016.10.10"]
[SourceVersion "1"]
[SourceVersionDate "2016.10.10"]
[SourceQuality "1"]

1. Nf3 c5 2. c4 Nc6 3. Nc3 Nf6 4. g3 d6 5. Bg2 g6 6. a3 Bg7 7. Rb1 Bd7 8. b4 cxb4 9. axb4 Qc8 10. h3 0-0 11. d3 h6 12. Bd2 e5 13. Qc1 Kh7 14. b5 Ne7 15. Qa3 Qc7 16. Nxe5 Bxh3 17. Nxg6 fxg6 18. Rxh3 Nf5 19. Qc1 Rae8 20. Ne4 Qe7 21. Bf3 Ng8 22. Bc3 Nd4 23. Bxd4 Bxd4 24. Kf1 Kg7 25. Kg2 Qe6 26. Rh4 Re7 27. Qd2 Bf6 28. Rf4 Rd8 29. Rh1 g5 30. Bg4 Qe5 31. Rf5 Qb2 32. Qe3 b6 33. f4 gxf4 34. Qxf4 Be5 35. Qe3 Qd4 36. Qxd4 Bxd4 37. Rd5 Bc5 38. Bf3 Re6 39. Ra1 Ne7 40. Rxa7 Kf8 41. Nxc5 bxc5 42. Rh5 Rb8 43. Rh4 1-0

[Event "St Petersburg Summer op"]
[Site "St Petersburg"]
[Date "2016.08.17"]
[Round "1"]
[White "Pasiev, Rakhim"]
[Black "Kiseleva, Arina"]
[Result "1-0"]
[WhiteElo "2407"]
[BlackElo "1999"]
[PlyCount "87"]
[EventDate "2016.08.17"]
[EventType "swiss"]
[EventRounds "9"]
[EventCountry "RUS"]
[SourceTitle "CBM 174 Extra"]
[Source "ChessBase"]
[SourceDate "2016.10.10"]
[SourceVersion "1"]
[SourceVersionDate "2016.10.10"]
[SourceQuality "1"]

1. Nc3 d5 2. d4 Nf6 3. Bg5 e6 4. e4 dxe4 5. Nxe4 Be7 6. Bxf6 Bxf6 7. Nf3 b6 8. Bd3 Bb7 9. Qe2 Nd7 10. 0-0-0 Qe7 11. Kb1 0-0-0 12. Ba6 Nb8 13. Bxb7+ Kxb7 14. g4 h6 15. h4 g6 16. h5 g5 17. Nxf6 Qxf6 18. Qe4+ c6 19. Ne5 Qe7 20. f4 Rhf8 21. Qh7 Qc7 22. Qxh6 f6 23. Nd3 gxf4 24. Qxf4 Qd7 25. c3 Qh7 26. Rhe1 e5 27. Qe4 f5 28. gxf5 exd4 29. Qe7+ Qxe7 30. Rxe7+ Rd7 31. Rxd7+ Nxd7 32. cxd4 Rxf5 33. Rh1 Rf7 34. Ne5 Rh7 35. Nxd7 Rxd7 36. h6 Rh7 37. Kc2 Kc7 38. Kd3 Kd6 39. Ke4 Ke6 40. b4 Kf6 41. a4 a6 42. a5 bxa5 43. bxa5 Kg6 44. Ke5 1-0

[Event "Samara Polugaevsky Memorial 5th"]
[Site "Samara"]
[Date "2015.07.05"]
[Round "3"]
[White "Levin, Evgeny A"]
[Black "Pasiev, Rakhim"]
[Result "1-0"]
[WhiteElo "2519"]
[BlackElo "2409"]
[PlyCount "67"]
[EventDate "2015.07.03"]
[EventType "swiss"]
[EventRounds "9"]
[EventCountry "RUS"]
[SourceTitle "CBM 167 Extra"]
[Source "ChessBase"]
[SourceDate "2015.09.14"]
[SourceVersion "1"]
[SourceVersionDate "2015.09.14"]
[SourceQuality "1"]

1. d4 e6 2. c4 f5 3. Nc3 Nf6 4. e3 Bb4 5. Qc2 b6 6. Bd3 Bb7 7. f3 0-0 8. Nge2 c5 9. a3 Bxc3+ 10. Qxc3 a5 11. b3 a4 12. Rb1 cxd4 13. exd4 b5 14. 0-0 bxc4 15. bxc4 Qc8 16. Bf4 Ba6 17. Bd6 Re8 18. Rb2 Nc6 19. Rfb1 Nd8 20. Be5 Nf7 21. Rb8 Rxb8 22. Rxb8 Qc6 23. Qb4 Nxe5 24. dxe5 Qc7 25. Rxe8+ Nxe8 26. Qe7 Qc8 27. Nc3 d5 28. exd6 Qc5+ 29. Kh1 Nxd6 30. Qxe6+ Kf8 31. Nd5 Bxc4 32. Bxc4 Nxc4 33. Qxf5+ Kg8 34. Nf6+ 1-0

[Event "Voronezh op-A 19th"]
[Site "Voronezh"]
[Date "2015.06.17"]
[Round "6"]
[White "Pasiev, Rakhim"]
[Black "Maletin, Pavel"]
[Result "1/2-1/2"]
[WhiteElo "2398"]
[BlackElo "2587"]
[PlyCount "89"]
[EventDate "2015.06.12"]
[EventType "swiss"]
[EventRounds "9"]
[EventCountry "RUS"]
[SourceTitle "CBM 167 Extra"]
[Source "ChessBase"]
[SourceDate "2015.09.14"]
[SourceVersion "1"]
[SourceVersionDate "2015.09.14"]
[SourceQuality "1"]

1. e4 c5 2. Nf3 d6 3. d4 cxd4 4. Qxd4 Nc6 5. Bb5 a6 6. Bxc6+ bxc6 7. c4 Bg4 8. Qd3 Nf6 9. Nc3 e5 10. 0-0 Be7 11. h3 Bh5 12. Nh4 0-0 13. Nf5 Bg6 14. Nxe7+ Qxe7 15. Bg5 h6 16. Bxf6 Qxf6 17. Rfd1 Rad8 18. b3 Qg5 19. Qd2 f6 20. f3 Qh4 21. Qf2 Qxf2+ 22. Kxf2 Kf7 23. Rd2 Ke7 24. Rad1 Bf7 25. Ke3 Be6 26. g4 Rd7 27. c5 dxc5 28. Rxd7+ Bxd7 29. Na4 c4 30. Nc5 Bc8 31. bxc4 h5 32. Nd3 Rd8 33. Rb1 Rd4 34. Rb4 Rd8 35. c5 Be6 36. Ra4 Ra8 37. Nb4 Kd7 38. Rxa6 Rxa6 39. Nxa6 Bxa2 40. gxh5 Bf7 41. h6 gxh6 42. f4 Bc4 43. Nb4 Bb5 44. h4 Ke6 45. f5+ 1/2-1/2

[Event "Voronezh op-A 19th"]
[Site "Voronezh"]
[Date "2015.06.12"]
[Round "1"]
[White "Dimitrova, Aleksandra"]
[Black "Pasiev, Rakhim"]
[Result "0-1"]
[WhiteElo "2126"]
[BlackElo "2398"]
[PlyCount "100"]
[EventDate "2015.06.12"]
[EventType "swiss"]
[EventRounds "9"]
[EventCountry "RUS"]
[SourceTitle "CBM 167 Extra"]
[Source "ChessBase"]
[SourceDate "2015.09.14"]
[SourceVersion "1"]
[SourceVersionDate "2015.09.14"]
[SourceQuality "1"]

1. e4 e6 2. d4 d5 3. Nd2 dxe4 4. Nxe4 Nd7 5. Nf3 Ngf6 6. Nxf6+ Nxf6 7. Bd3 c5 8. c3 cxd4 9. Nxd4 Be7 10. 0-0 0-0 11. Bf4 a6 12. Re1 Re8 13. a4 Bd7 14. Qf3 Qc8 15. Be5 Bc6 16. Qg3 g6 17. Nxc6 Qxc6 18. Bc2 Nd7 19. Be4 Qc8 20. Bf4 Nc5 21. Bc2 b5 22. a5 Bf6 23. h4 Ra7 24. h5 Bg7 25. Be5 Nd7 26. Bxg7 Kxg7 27. Re4 Qc5 28. Rh4 Nf6 29. hxg6 hxg6 30. Rd1 Raa8 31. Rdd4 Rh8 32. Qf3 Qg5 33. Qf4 Qxf4 34. Rdxf4 Rhd8 35. Rd4 e5 36. Rd1 Rxd1+ 37. Bxd1 Rd8 38. Bf3 e4 39. Be2 Rd2 40. Bf1 Rxb2 41. c4 b4 42. Rh3 Nd7 43. Re3 Nc5 44. f3 f5 45. fxe4 fxe4 46. Re2 Rb1 47. Rd2 b3 48. Rd5 b2 49. Rxc5 Rxf1+ 50. Kxf1 b1Q+ 0-1

[Event "RUS-chT blitz"]
[Site "Sochi"]
[Date "2015.05.10"]
[Round "11.23"]
[White "Pogromsky, Mikhail"]
[Black "Pasiev, Rakhim"]
[Result "1/2-1/2"]
[WhiteElo "2428"]
[BlackElo "2384"]
[PlyCount "55"]
[EventDate "2015.05.10"]
[EventType "team-swiss (blitz)"]
[EventRounds "11"]
[EventCountry "RUS"]
[SourceTitle "CBM 166 Extra"]
[Source "ChessBase"]
[SourceDate "2015.06.18"]
[SourceVersion "1"]
[SourceVersionDate "2015.06.18"]
[SourceQuality "1"]
[WhiteTeam "Nizhny Tagil Politekhnik"]
[BlackTeam "Moscow Boavista"]
[WhiteTeamCountry "RUS"]
[BlackTeamCountry "RUS"]

1. Nf3 c5 2. c4 Nc6 3. d4 cxd4 4. Nxd4 Nf6 5. Nc3 g6 6. e4 d6 7. Be2 Nxd4 8. Qxd4 Bg7 9. Bg5 0-0 10. 0-0 Be6 11. Qd2 a5 12. b3 a4 13. Rab1 axb3 14. axb3 Qa5 15. f3 Rfe8 16. Nb5 Qxd2 17. Bxd2 Rec8 18. Bc3 Nd7 19. Bxg7 Kxg7 20. Ra1 Nc5 21. b4 Rxa1 22. Rxa1 Nb3 23. Ra3 Nd2 24. Ra7 Bxc4 25. Bxc4 Rxc4 26. Rxb7 Rxb4 27. Nxd6 Rxb7 28. Nxb7 1/2-1/2

[Event "RUS-chT blitz"]
[Site "Sochi"]
[Date "2015.05.10"]
[Round "8.15"]
[White "Popov, Ivan1"]
[Black "Pasiev, Rakhim"]
[Result "1-0"]
[WhiteElo "2648"]
[BlackElo "2384"]
[PlyCount "66"]
[EventDate "2015.05.10"]
[EventType "team-swiss (blitz)"]
[EventRounds "11"]
[EventCountry "RUS"]
[SourceTitle "CBM 166 Extra"]
[Source "ChessBase"]
[SourceDate "2015.06.18"]
[SourceVersion "1"]
[SourceVersionDate "2015.06.18"]
[SourceQuality "1"]
[WhiteTeam "Moscow Our Heritage II"]
[BlackTeam "Moscow Boavista"]
[WhiteTeamCountry "RUS"]
[BlackTeamCountry "RUS"]

1. e4 c5 2. Nf3 Nc6 3. Nc3 g6 4. d4 cxd4 5. Nxd4 Bg7 6. Be3 Nf6 7. Nxc6 bxc6 8. e5 Nd5 9. Nxd5 cxd5 10. Qxd5 Rb8 11. 0-0-0 Bb7 12. Qc5 0-0 13. Bd4 Rc8 14. Qxa7 Qc7 15. Bd3 Ra8 16. Qc5 Qb8 17. Kb1 Rc8 18. Qb5 d6 19. Rhe1 dxe5 20. Bxe5 Bxe5 21. Qxe5 Qa7 22. a3 Bxg2 23. Qxe7 Qxf2 24. Re2 Qf3 25. Rde1 Rab8 26. Qe5 Qa8 27. Qf6 Bd5 28. Re7 Rc6 29. Qe5 Re6 30. Rxe6 Bxe6 31. Re4 Rc8 32. Qd6 Qa7 33. Rxe6 g5 1-0

[Event "RUS-chT blitz"]
[Site "Sochi"]
[Date "2015.05.10"]
[Round "9.19"]
[White "Usmanov, Vasily"]
[Black "Pasiev, Rakhim"]
[Result "1-0"]
[WhiteElo "2462"]
[BlackElo "2384"]
[PlyCount "65"]
[EventDate "2015.05.10"]
[EventType "team-swiss (blitz)"]
[EventRounds "11"]
[EventCountry "RUS"]
[SourceTitle "CBM 166 Extra"]
[Source "ChessBase"]
[SourceDate "2015.06.18"]
[SourceVersion "1"]
[SourceVersionDate "2015.06.18"]
[SourceQuality "1"]
[WhiteTeam "St Petersburg Hilti"]
[BlackTeam "Moscow Boavista"]
[WhiteTeamCountry "RUS"]
[BlackTeamCountry "RUS"]

1. b3 c5 2. Bb2 Nc6 3. g3 d5 4. Bg2 e5 5. c4 d4 6. d3 f5 7. e3 Nf6 8. exd4 cxd4 9. Nd2 a5 10. a3 Bd6 11. Nh3 0-0 12. 0-0 Qe8 13. f3 Qg6 14. Qc2 f4 15. g4 h5 16. gxh5 Qxh5 17. Nf2 Ne7 18. Nde4 Bc7 19. h3 Nf5 20. Ng4 Ne3 21. Nxe3 fxe3 22. Kh2 Nh7 23. Rg1 Ng5 24. Nxg5 Qxg5 25. Kh1 Qh4 26. Raf1 e4 27. f4 Bxh3 28. Bxh3 Qxh3+ 29. Qh2 Qxh2+ 30. Kxh2 exd3 31. Bxd4 e2 32. Rxg7+ Kh8 33. Rxc7+ 1-0

[Event "RUS-chT rapid"]
[Site "Sochi"]
[Date "2015.05.09"]
[Round "9.31"]
[White "Pasiev, Rakhim"]
[Black "Savenkov, Konstantin"]
[Result "1-0"]
[WhiteElo "2384"]
[BlackElo "2320"]
[PlyCount "81"]
[EventDate "2015.05.08"]
[EventType "team-swiss"]
[EventRounds "9"]
[EventCountry "RUS"]
[SourceTitle "CBM 166 Extra"]
[Source "ChessBase"]
[SourceDate "2015.06.18"]
[SourceVersion "1"]
[SourceVersionDate "2015.06.18"]
[SourceQuality "1"]
[WhiteTeam "Moscow Boavista"]
[BlackTeam "Moscow Our Heritage U20"]
[WhiteTeamCountry "RUS"]
[BlackTeamCountry "RUS"]

1. e4 e6 2. d4 d5 3. Nc3 Bb4 4. e5 Ne7 5. Qg4 c5 6. dxc5 Bxc3+ 7. bxc3 Qa5 8. Bd2 Ng6 9. Nf3 Nc6 10. h4 Qc7 11. Bb5 Bd7 12. Bxc6 Bxc6 13. Qg3 h5 14. 0-0 0-0-0 15. Rfe1 Qa5 16. Nd4 Rde8 17. Rab1 Qxc5 18. Rb4 Re7 19. Reb1 Rc7 20. Nxe6 fxe6 21. Qxg6 Qe7 22. Be3 a6 23. Bb6 Be8 24. Qg3 Rd7 25. c4 d4 26. Ba5 Qc5 27. Qf3 Qxa5 28. Rxb7 Kd8 29. Rb8+ Ke7 30. Qg3 Kf7 31. R1b3 Rf8 32. R8b6 Kg8 33. Rxe6 Qc5 34. Rb8 Re7 35. Rxe7 Qxe7 36. Ra8 Qe6 37. Ra7 Bf7 38. c5 Rc8 39. Qg5 Rxc5 40. Re7 Rxe5 41. Qxe5 1-0

[Event "RUS-chT rapid"]
[Site "Sochi"]
[Date "2015.05.08"]
[Round "1.8"]
[White "Inarkiev, Ernesto"]
[Black "Pasiev, Rakhim"]
[Result "1-0"]
[WhiteElo "2664"]
[BlackElo "2384"]
[PlyCount "49"]
[EventDate "2015.05.08"]
[EventType "team-swiss"]
[EventRounds "9"]
[EventCountry "RUS"]
[SourceTitle "CBM 166 Extra"]
[Source "ChessBase"]
[SourceDate "2015.06.18"]
[SourceVersion "1"]
[SourceVersionDate "2015.06.18"]
[SourceQuality "1"]
[WhiteTeam "Moscow Our Heritage"]
[BlackTeam "Moscow Boavista"]
[WhiteTeamCountry "RUS"]
[BlackTeamCountry "RUS"]

1. d4 d5 2. c4 Nc6 3. Nf3 Bg4 4. Nc3 e6 5. e3 Nf6 6. h3 Bh5 7. Be2 a6 8. 0-0 dxc4 9. Bxc4 Bd6 10. Be2 0-0 11. Nd2 Bxe2 12. Qxe2 e5 13. d5 Ne7 14. e4 Ng6 15. Nc4 b5 16. Na5 Nd7 17. Nc6 Qe8 18. Be3 Ne7 19. Na5 f5 20. exf5 Nxf5 21. a4 Nd4 22. Qd1 Bb4 23. Nc6 Nxc6 24. dxc6 Nf6 25. Qb3+ 1-0

[Event "RUS-chT rapid"]
[Site "Sochi"]
[Date "2015.05.08"]
[Round "3.19"]
[White "Riazantsev, Alexander"]
[Black "Pasiev, Rakhim"]
[Result "1/2-1/2"]
[WhiteElo "2671"]
[BlackElo "2384"]
[PlyCount "138"]
[EventDate "2015.05.08"]
[EventType "team-swiss"]
[EventRounds "9"]
[EventCountry "RUS"]
[SourceTitle "CBM 166 Extra"]
[Source "ChessBase"]
[SourceDate "2015.06.18"]
[SourceVersion "1"]
[SourceVersionDate "2015.06.18"]
[SourceQuality "1"]
[WhiteTeam "Sverdlovsk Region Malakhit"]
[BlackTeam "Moscow Boavista"]
[WhiteTeamCountry "RUS"]
[BlackTeamCountry "RUS"]

1. d4 d5 2. c4 Nc6 3. Nc3 dxc4 4. Nf3 Nf6 5. e3 Bg4 6. Bxc4 e6 7. Bb5 Bd6 8. h3 Bh5 9. Qa4 0-0 10. Bxc6 bxc6 11. Qxc6 Nd5 12. Nxd5 exd5 13. Bd2 Rb8 14. b3 Bxf3 15. gxf3 Qg5 16. Qd7 Rfe8 17. Qg4 Qf6 18. 0-0 Re6 19. Kh1 Qh6 20. f4 f5 21. Qf3 Rf8 22. Rg1 c6 23. Rac1 Be7 24. Ba5 Rc8 25. Rg3 Qf6 26. Qe2 c5 27. Qd3 Ra6 28. Bd2 Rxa2 29. dxc5 Qe6 30. b4 Qe4+ 31. Qxe4 dxe4 32. Bc3 g6 33. Rgg1 a5 34. Ra1 axb4 35. Rxa2 bxc3 36. Rc1 Rxc5 37. Ra7 Kf7 38. Kg2 Rc6 39. f3 Ke6 40. fxe4 fxe4 41. Ra4 Kf5 42. Ra5+ Kf6 43. Rc2 Bb4 44. Re5 Rc4 45. Kf2 Ba3 46. Rd5 Ke6 47. Rd8 Bb2 48. Ra8 Rc5 49. Ra4 Kf5 50. Rb4 Ra5 51. Kg3 Ra1 52. Rb5+ Kf6 53. Rb6+ Kf5 54. Rb5+ Kf6 55. Re5 Rd1 56. Kf2 Rh1 57. Kg2 Rd1 58. Rc5 Ke6 59. Kf2 Rh1 60. Kg3 Rd1 61. Rc8 Re1 62. Kf2 Rh1 63. Kg2 Re1 64. Kf2 Rh1 65. Kg2 Rd1 66. Kf2 Rh1 67. Kg2 Rd1 68. Kf2 Rh1 69. Kg2 Rd1 1/2-1/2

[Event "RUS-chT2"]
[Site "Sochi"]
[Date "2015.05.05"]
[Round "5.4"]
[White "Pasiev, Rakhim"]
[Black "Pogosian, Manvel"]
[Result "1/2-1/2"]
[WhiteElo "2384"]
[BlackElo "2378"]
[PlyCount "116"]
[EventDate "2015.05.01"]
[EventType "team-swiss"]
[EventRounds "7"]
[EventCountry "RUS"]
[SourceTitle "CBM 166 Extra"]
[Source "ChessBase"]
[SourceDate "2015.06.18"]
[SourceVersion "1"]
[SourceVersionDate "2015.06.18"]
[SourceQuality "1"]
[WhiteTeam "Moscow Boavista"]
[BlackTeam "Tula Region Dolphin"]
[WhiteTeamCountry "RUS"]
[BlackTeamCountry "RUS"]

1. e4 c6 2. d4 d5 3. e5 Bf5 4. Nf3 e6 5. Be2 c5 6. Be3 Nc6 7. 0-0 Bg4 8. c3 Bxf3 9. Bxf3 cxd4 10. cxd4 Nge7 11. Bg4 Nc8 12. Nc3 Be7 13. f4 g6 14. Kh1 Nb6 15. Be2 h5 16. Rc1 Rc8 17. Na4 Nc4 18. Bxc4 dxc4 19. Nc5 b6 20. Ne4 Nb4 21. Qa4+ Qd7 22. Qxb4 Bxb4 23. Nf6+ Ke7 24. Nxd7 Kxd7 25. Rfd1 Rhd8 26. Kg1 b5 27. a3 Be7 28. d5 exd5 29. Bxa7 Kc6 30. Bd4 b4 31. axb4 Bxb4 32. f5 Bc5 33. fxg6 fxg6 34. b3 Kb5 35. Bxc5 Kxc5 36. Rc2 Re8 37. Kf2 Rxe5 38. bxc4 Rf8+ 39. Kg3 dxc4 40. Rd7 Rg5+ 41. Kh3 Rf4 42. Rc7+ Kb4 43. Rb7+ Kc5 44. Rc7+ Kd5 45. Rd2+ Ke6 46. Rc6+ Ke5 47. Rc5+ Kf6 48. Rc6+ Kg7 49. g3 Re4 50. Rc7+ Kh6 51. Rd8 Rf5 52. Rd2 Rg5 53. Rd8 Rgg4 54. Rh8+ Kg5 55. Rc5+ Kf6 56. Rhc8 Rd4 57. R8c7 Rge4 58. R5c6+ Re6 1/2-1/2

[Event "Moscow Aeroflot op-B 14th"]
[Site "Moscow"]
[Date "2015.04.01"]
[Round "6"]
[White "Pasiev, Rakhim"]
[Black "Abhishek, Kelkar"]
[Result "1-0"]
[WhiteElo "2400"]
[BlackElo "2343"]
[PlyCount "120"]
[EventDate "2015.03.27"]
[EventType "swiss"]
[EventRounds "9"]
[EventCountry "RUS"]
[SourceTitle "CBM 165 Extra"]
[Source "ChessBase"]
[SourceDate "2015.04.21"]
[SourceVersion "1"]
[SourceVersionDate "2015.04.21"]
[SourceQuality "1"]

1. d4 Nf6 2. Nc3 d5 3. Bf4 c6 4. e3 Bf5 5. Bd3 e6 6. f3 Bb4 7. Nge2 Nbd7 8. a3 Ba5 9. Bxf5 exf5 10. Qd3 g6 11. 0-0-0 Qe7 12. h3 0-0-0 13. g4 fxg4 14. hxg4 Rde8 15. Ng3 Bc7 16. Bxc7 Kxc7 17. e4 dxe4 18. Ngxe4 Kb8 19. Kb1 h5 20. d5 cxd5 21. Nxd5 Nxd5 22. Qxd5 Nf6 23. Nxf6 Qxf6 24. gxh5 Rd8 25. Qb3 Rxh5 26. Rxd8+ Qxd8 27. Re1 Rd5 28. Ka2 a6 29. Re4 Rf5 30. Qe3 Qd5+ 31. c4 Qc5 32. Qd3 a5 33. f4 Ka7 34. Qc3 Qb6 35. Re8 Qc5 36. Re4 Qb6 37. Qd2 Qc6 38. Rd4 Qb6 39. Qd3 Qc5 40. Qe4 Qc6 41. Qe3 Qb6 42. Qd2 Qc6 43. Qd3 Qc5 44. Re4 Qb6 45. Qc3 Qc6 46. Rd4 Qb6 47. Rd5 Rh5 48. Qd2 Qc7 49. Qd4+ Qb6 50. Qc3 Qc7 51. Qd4+ Qb6 52. Qd2 Qc7 53. Qe3+ Qb6 54. Qd3 Qc7 55. Qe4 Qc6 56. Qe3+ Qb6 57. Qd3 Qc7 58. b4 axb4 59. axb4 Qe7 60. Kb3 Qe1 1-0

[Event "Elets-B 75th"]
[Site "Elets"]
[Date "2014.12.06"]
[Round "8"]
[White "Mischuk, Dmitry"]
[Black "Pasiev, Rakhim"]
[Result "1/2-1/2"]
[WhiteElo "2305"]
[BlackElo "2393"]
[PlyCount "76"]
[EventDate "2014.11.29"]
[EventType "tourn"]
[EventRounds "9"]
[EventCountry "RUS"]
[EventCategory "2"]
[SourceTitle "EXT 2016"]
[Source "ChessBase"]
[SourceDate "2015.10.08"]
[SourceVersion "1"]
[SourceVersionDate "2015.10.08"]
[SourceQuality "1"]

1. d4 Nf6 2. c4 d6 3. Nf3 Nbd7 4. Nc3 e5 5. e4 c6 6. Be2 Be7 7. 0-0 0-0 8. Qc2 a6 9. Rb1 b5 10. dxe5 Nxe5 11. Nxe5 dxe5 12. b4 Be6 13. cxb5 cxb5 14. a4 Rc8 15. Qb2 Qd4 16. Nd5 Nxd5 17. exd5 Bf5 18. Be3 Qxd5 19. Rbc1 Bd3 20. Bxd3 Qxd3 21. Bc5 Bxc5 22. bxc5 Qd4 23. Qxd4 exd4 24. axb5 axb5 25. c6 Rfd8 26. Rc5 Kf8 27. Rfc1 Rd6 28. c7 Rd7 29. Kf1 d3 30. Rxb5 Rcxc7 31. Rxc7 Rxc7 32. Rb1 Ke7 33. Rd1 Rc3 34. Ke1 Ke6 35. Kd2 Ra3 36. Ke3 Ke5 37. Rxd3 Rxd3+ 38. Kxd3 f5 1/2-1/2